[Event "SVR-op 34th"]
[Site "Reil"]
[Date "2011.04.21"]
[Round "4"]
[White "Fuehrer, Michael"]
[Black "Gruen, Pascal"]
[Result "1/2-1/2"]
[WhiteElo "1782"]
[BlackElo "1307"]
[PlyCount "74"]
[EventDate "2011.04.16"]
[EventType "swiss"]
[EventRounds "7"]
[EventCountry "GER"]
[SourceTitle "EXT 2013"]
[Source "ChessBase"]
[SourceDate "2012.11.22"]
[SourceVersion "1"]
[SourceVersionDate "2012.11.22"]
[SourceQuality "1"]

1. e4 e5 2. Nf3 Nc6 3. Bc4 Bc5 4. b4 Bxb4 5. c3 Bc5 6. 0-0 d6 7. d4 exd4 8. cxd4 Bb6 9. Nc3 Bg4 10. Bb5 Bxf3 11. gxf3 Qf6 12. e5 dxe5 13. dxe5 Qe6 14. Ba3 Nge7 15. Qa4 0-0 16. f4 Nd4 17. Bd7 Qg6+ 18. Kh1 Ndc6 19. Rg1 Qd3 20. Ne4 Kh8 21. Rg3 Qxd7 22. Rag1 Qd5 23. Rd1 Bd4 24. f3 Rad8 25. Qc2 Qe6 26. Qg2 Rg8 27. Ng5 Qg6 28. Qh3 h6 29. e6 fxe6 30. Nxe6 Qc2 31. Rc1 Be3 32. Nxd8 Rxd8 33. Rxc2 Rd1+ 34. Qf1 Rxf1+ 35. Kg2 Rg1+ 36. Kh3 Rxg3+ 37. hxg3 Nf5 1/2-1/2

[Event "SVR-op 34th"]
[Site "Reil"]
[Date "2011.04.17"]
[Round "3"]
[White "Gruen, Pascal"]
[Black "Goergen, Frank"]
[Result "1-0"]
[WhiteElo "1307"]
[BlackElo "1811"]
[PlyCount "41"]
[EventDate "2011.04.16"]
[EventType "swiss"]
[EventRounds "7"]
[EventCountry "GER"]
[SourceTitle "EXT 2013"]
[Source "ChessBase"]
[SourceDate "2012.11.22"]
[SourceVersion "1"]
[SourceVersionDate "2012.11.22"]
[SourceQuality "1"]

1. e4 e5 2. Nf3 Nc6 3. d4 exd4 4. Nxd4 Qf6 5. Nxc6 Qxc6 6. Nc3 Bb4 7. Qd4 Nf6 8. Qxb4 a6 9. Bg5 Qe6 10. Bxf6 Qxf6 11. Nd5 Qd8 12. 0-0-0 d6 13. Bd3 0-0 14. Rhe1 b5 15. e5 c6 16. Nf4 d5 17. Qd6 Qg5 18. g3 Be6 19. Kb1 Rfd8 20. Nxe6 fxe6 21. Qxe6+ 1-0